Gaming Quiz

Random Gaming or Letter Quiz

5-Letter Pokémon per Letter (Gen 1) Quiz Stats

 Plays Quiz not verified by Sporcle

Score 0/7 Timer 01:00
0 Plays Today
Letter Pokémon % Correct
EEevee, Ekans
76.7%
AArbok
68%
DDitto, Doduo
64.2%
ZZubat
59.5%
GGloom, Golem
58.1%
PParas
42.3%
HHypno
38.7%

You're not logged in!

Compare scores with friends on all Sporcle quizzes.
OR
Log In

You Might Also Like...

Show Comments

Extras

Top Quizzes Today


Score Distribution

Your Account Isn't Verified!

In order to create a playlist on Sporcle, you need to verify the email address you used during registration. Go to your Sporcle Settings to finish the process.

Report this User

Report this user for behavior that violates our Community Guidelines.

Details: